000 00554nam a2200169Ia 4500
999 _c12330
_d12330
003 OSt
005 20201030113701.0
008 190216s9999||||xx |||||||||||||| ||und||
040 _coclc
082 _a821.1
_bLUM/C
100 _aLumiansky, R M
_96165
245 4 _aThe Canterbury Tales Of Geoffrey Chaucer /
_cR M Lumiansky
260 _bWashington Square Press,
_c1967.
_aNew York:
300 _a383p
650 _aEnglish Stories-English Stories-English Stories-English Stories
942 _cBK
_2ddc
_h821.1
_iLUM/C
_k821.1
_mLUM/C